000 00784nam a2200205Ia 4500
008 191130s2008##################000#0#eng##
020 _a9780470823408
022 _a2008275236
040 _aACL
_cACL
082 _a338.60951 WEI
100 _aLi, Wei-an
245 _aCorporate governance in China : research and evaluation
_cLi Wei-An [and others]
260 _aHoboken, N.J
_bWiley
_c2008
300 _axiv, 250 p. : ill. ; 24 cm
500 _aBook is result of three years of effort by the corporate governance evaluation project, headed by Li Wei-An of Nankai University in China. Includes bibliographical references (p. 241-245) and index
650 _aCorporate governance - China
990 _a37ce7210ac10000c50a64fbd35c51d4a
991 _a153778
999 _c139655
_d139655